Statistics for Every Lakers Player Ever that has Passed Away

Click here to take the quiz!

General Stats

  • This quiz has been taken 3 times
  • The average score is 9 of 105

Answer Stats

DateAgePlayer% Correct
3/22/202186Elgin Baylor
100%
1/26/202041Kobe Bryant
100%
10/24/202083Bobby Smith
67%
3/1/199675Don Smith
67%
3/27/201580Hot Rod Hundley
67%
1/22/199370Jim Pollard
67%
10/18/201286Slater Martin
67%
11/21/201385Vern Mikkelsen
67%
1/19/202189Bob Williams
33%
3/9/201686Clyde Lovellette
33%
5/23/202380Cotton Nash
33%
6/30/201778Darrall Imhoff
33%
9/?/201680George Brown
33%
6/1/200580George Mikan
33%
8/27/198456Larry Foust
33%
4/11/201469Lou Hudson
33%
2/1/201576Ron Johnson
33%
10/12/199963Wilt Chamberlain
33%
12/27/202297Arnie Ferrin
0%
4/9/200875Art Spoelstra
0%
9/25/201576Bill Bridges
0%
7/11/201474Bill McGill
0%
11/15/199271Billy Hassett
0%
5/19/201275Bob Boozer
0%
1/3/201984Bob Burrow
0%
4/13/202188Bobby Leonard
0%
1/31/201786Bobby Watson
0%
11/10/201179Bob Carney
0%
3/21/200667Bob Sims
0%
1/25/200774Bo Erias
0%
5/6/201074Boo Ellis
0%
3/11/202395Bud Grant
0%
6/7/201285Chuck Share
0%
7/26/202176Cliff Anderson
0%
5/29/201365Cliff Meely
0%
10/6/201775Connie Hawkins
0%
4/28/199563Corky Devlin
0%
2/5/202353Demetrius Calip
0%
6/18/201268Dennis Hamilton
0%
6/13/202087Dick Garmaker
0%
1/12/202091Dick Schnittker
0%
10/16/200485Don Carlson
0%
5/10/201892Donnie Forman
0%
7/15/196131Don Sunderlage
0%
7/25/201664Dwight Jones
0%
10/16/200582Earl Gardner
0%
6/11/202072Earnie Killum
0%
3/15/199667Ed Beach
0%
4/10/200268Ed Fleming
0%
10/7/201986Ed Kalafat
0%
6/7/201874Erwin Mueller
0%
5/23/201372Flynn Robinson
0%
11/7/201995Frank Saul
0%
11/29/200670Gary Alcorn
0%
?/?/201488Gene Stump
0%
5/1/200158Happy Hairston
0%
3/21/198061Herm Shaefer
0%
10/30/200989Howie Schultz
0%
3/16/201551Jack Haley
0%
9/22/195833Jack Tingle
0%
5/4/201775Jay Carty
0%
2/18/201552Jerome Kersey
0%
9/14/200261Jim Barnes
0%
2/28/201987Jim Fritsche
0%
12/16/200777Jim Holstein
0%
5/6/196529Jim Krebs
0%
9/6/201769Jim McDaniels
0%
5/16/201668Jim McMillan
0%
10/28/201481Jim Paxson
0%
10/19/200981Joe Hutton
0%
1/19/197351John Jorgensen
0%
7/21/202283Johnny Egan
0%
11/14/198047Johnny Horan
0%
4/23/201968Johnny Neumann
0%
6/14/199165John Pilch
0%
2/21/200377Kevin O'Shea
0%
6/2/201272LeRoy Ellis
0%
2/8/201282Lew Hitch
0%
4/27/202060Mark McNamara
0%
10/31/201058Maurice Lucas
0%
6/8/199866McCoy Ingram
0%
6/5/199378Mike Bloom
0%
11/23/200554Nate Hawthorne
0%
8/13/201781Nick Mantis
0%
3/19/198961Normie Glick
0%
5/31/201252Orlando Woolridge
0%
12/21/201487Paul Walther
0%
10/7/199472Ray Ellefson
0%
7/28/199160Ray Felix
0%
5/3/202072Rick Roberson
0%
10/23/200975Rob Sobieszczyk
0%
1/28/200068Ron Feiereisel
0%
10/5/200264Ron Horn
0%
7/9/200466Rudy LaRusso
0%
6/7/201646Sean Rooks
0%
12/2/199763Steve Hamilton
0%
8/16/201780Tom Hawkins
0%
4/22/199575Tony Jaros
0%
3/13/200170Walter Dukes
0%
11/18/201169Walt Hazzard
0%
8/16/202284Wayne Yates
0%
3/7/199367Whitey Kachan
0%
4/4/201992Whitey Skoog
0%
4/18/202376Willie McCarter
0%
8/27/201373Zelmo Beaty
0%

Score Distribution

Percentile by Number Answered

Percent of People with Each Score

Your Score History

You have not taken this quiz